Atkins' Physical chemistry (Record no. 3317)

000 -LEADER
fixed length control field 00619nam a2200217 a 4500
001 - CONTROL NUMBER
control field 3317
003 - CONTROL NUMBER IDENTIFIER
control field BD-DhUET
008 - FIXED-LENGTH DATA ELEMENTS--GENERAL INFORMATION
fixed length control field 020621s2002 enka b 001 0 eng
020 ## - INTERNATIONAL STANDARD BOOK NUMBER
International Standard Book Number 0199255792
040 ## - CATALOGING SOURCE
Original cataloging agency UKM
Transcribing agency UKM
Modifying agency BD-DhUET
082 00 - DEWEY DECIMAL CLASSIFICATION NUMBER
Classification number 541
Item number ATK/2002
100 ## - MAIN ENTRY--PERSONAL NAME
Personal name Atkins, Peter
245 10 - TITLE STATEMENT
Title Atkins' Physical chemistry
Statement of responsibility, etc. by Peter Atkins and Julio De Pauls
250 ## - EDITION STATEMENT
Edition statement 7th ed.
260 ## - PUBLICATION, DISTRIBUTION, ETC. (IMPRINT)
Place of publication, distribution, etc. New York
Name of publisher, distributor, etc. Oxford University Press,
Date of publication, distribution, etc. 2002.
300 ## - PHYSICAL DESCRIPTION
Extent xxi, 1149 p.
Other physical details ill. ;
Dimensions 28 cm.
504 ## - BIBLIOGRAPHY, ETC. NOTE
Bibliography, etc Includes bibliographies
650 #0 - SUBJECT ADDED ENTRY--TOPICAL TERM
Topical term or geographic name as entry element Chemistry, Physical and theoretical.
700 1# - ADDED ENTRY--PERSONAL NAME
Personal name De Paula, Julio.
942 ## - ADDED ENTRY ELEMENTS (KOHA)
Koha item type General Book
Holdings
Copy number Koha normalized classification for sorting Source of classification or shelving scheme Date acquired Lost status Piece designation (barcode) Koha date last borrowed Location (home branch) Price effective from Sublocation or collection (holding branch) Damaged status Koha full call number Withdrawn status Not for loan Koha issues (times borrowed) Koha item type Shelving location Koha out on loan Koha date last seen
1541ATK2002 2014-10-26 964282026-04-11Central Library, BUET2014-10-26Central Library, BUET 541/ATK/2002  5General BookCirculation section2026-04-252026-04-11
2541ATK2002 2014-10-26 964302025-12-13Central Library, BUET2014-10-26Central Library, BUET 541/ATK/2002  3General BookCirculation section 2026-01-04
3541_000000000000000_ATK_2002 2015-07-02 96427 Central Library, BUET2015-07-02Central Library, BUET 541/ATK/2002   Reading ItemReading section 2015-07-02
4541_000000000000000_ATK_2002 2002-04-16 964292024-10-20Central Library, BUET2017-11-04Central Library, BUET 541/ATK/2002  3General BookCirculation section2025-10-202024-10-20